| 000 | 01359nam a22003737a 4500 | ||
|---|---|---|---|
| 003 | CHAP | ||
| 005 | 20220817040753.0 | ||
| 008 | 971010s1976 r 00010 d | ||
| 010 | _a47 | ||
| 011 | _a1019 | ||
| 035 | _a193 | ||
| 040 | _cCHAP | ||
| 090 | _aFolleto 4873 | ||
| 100 | 0 | 0 |
_aWarman, Arturo. _9121080 |
| 245 | 1 | 0 |
_aConcepto y metodología de los trabajos de campo universitarios _c/ por Arturo Warman |
| 260 |
_aChapingo, Méx. : _bUACH. Departamento de Asistencia Agrícola y Agraria, _c1976 |
||
| 300 | _a32 p. | ||
| 490 |
_aDasaya _v; 2 |
||
| 500 | _aPonencia presentada en la Mesa Redonda sobre Trabajos de Campo Universitario (1 : 1976 : Chapingo, Méx.) | ||
| 590 |
_aBATCH-UPD _b10 _c20130110 _lUCH01 _h1854 |
||
| 590 |
_aBATCH-UPD _b10 _c20130410 _lUCH01 _h1223 |
||
| 590 |
_aBATCH-UPD _b10 _c20130914 _lUCH01 _h1145 |
||
| 590 |
_aCONVERSION _b10 _c20130109 _lUCH01 _h1302 |
||
| 650 | 1 | 4 |
_aDesarrollo de la comunidad rural _zMéxico. _932040 |
| 650 | 1 | 4 |
_aEducación agrícola _zMéxico. _935552 |
| 650 | 1 | 4 | _aEducación superior. |
| 650 | 1 | 4 |
_aExtensión agrícola _xMéxico. _939173 |
| 830 | 0 |
_aDasaya _v; 2 _931111 |
|
| 901 | _aBK | ||
| 942 | _cFOLL | ||
| 949 |
_aFolleto 4873 _bBC _cFOLL _d-154085 _eTS1 _i193 _si |
||
| 949 |
_aFolleto 4873 _bBC _cFOLL _d-154086 _eTS2 _fc.2 _i193 _si |
||
| 949 |
_aFolleto 4873 _bBC _cUACH _d-154087 _eUACH _fc.3 _i193 _si |
||
| 999 |
_c47 _d47 |
||